[Event "Attica-ch U18 13"]
[Site "Athens"]
[Date "2012.12.23"]
[Round "3.2"]
[White "Kalogridakis, Georgios"]
[Black "Fakoudis, Ioannis"]
[Result "1/2-1/2"]
[WhiteElo "2067"]
[BlackElo "1840"]
[PlyCount "83"]
[EventDate "2012.12.22"]
[EventType "swiss"]
[EventRounds "7"]
[EventCountry "GRE"]
[SourceTitle "EXT 2024"]
[Source "ChessBase"]
[SourceDate "2023.10.10"]
[SourceVersion "1"]
[SourceVersionDate "2023.10.10"]
[SourceQuality "1"]

1. e4 g6 2. d4 Bg7 3. Nc3 d6 4. g3 Nc6 5. Be3 Nf6 6. h3 0-0 7. Bg2 Bd7 8. Nge2 Qc8 9. Qd2 e5 10. Rd1 exd4 11. Nxd4 Re8 12. Kf1 Nxd4 13. Bxd4 Bc6 14. Kg1 b5 15. Kh2 Qb7 16. Nd5 Nxe4 17. Bxe4 Rxe4 18. Bxg7 Bxd5 19. Qxd5 Qxd5 20. Rxd5 Kxg7 21. Rhd1 a6 22. Kg2 Rae8 23. Kf3 Kf6 24. R1d2 R8e6 25. R5d3 a5 26. Rb3 R4e5 27. Rc3 c5 28. Rcd3 Ke7 29. Ra3 a4 30. b3 Re4 31. bxa4 bxa4 32. Rad3 Rc4 33. h4 h5 34. Kg2 Rce4 35. Kf3 f5 36. Kg2 Kd7 37. Kf3 Kc6 38. Kg2 c4 39. Ra3 Kb5 40. c3 Re2 41. Rd5+ Kc6 42. Rd4 1/2-1/2